000 00610nam a2200193 a 4500
001 000035400
005 20200930074320.0
008 111031s1959 fr 000 0 fre d
040 _aDO-SdBNP
_bspa
_cBNPHU
100 1 _aGoldmann, Lucien,
_d1913-1970
_961226
245 1 0 _aRecherches dialectiques /
_cpar Lucien Goldmann.
250 _a2e. ed.
260 _aParis :
_bLibrairie Gallimard,
_c1959.
300 _a357 p. ;
_c20 cm.
600 1 4 _aPIAGET, JEAN,
_d1896-1980
_940350
600 1 4 _aLUKACS, GYORGY,
_d1885-
_961227
650 2 4 _aMaterialismo dialéctico
_9845
650 2 4 _aDialéctica materialista
_961173
999 _c34891
_d34891